MDQL
is popping MORE tags! Check the
thread
!
Quizzes
Events
Quiz Creation
Community
Videos
Private Events
Remove Ads
Sign In
Join for FREE
Feedback
Dark Mode
Quiz Categories
Sports
Geography
Music
Movies
Television
Just For Fun
Miscellaneous
History
Literature
Language
Science
Gaming
Entertainment
Religion
Holiday
For Kids
Quiz Lab
Recent
Popular Today
Quiz Kudos Today
Editor Picks
Curator Picks
Quizzes by...
Day
Popularity
Type
Ratings
Length
Year
Community
Subscriptions
Recent Discussions
Orange Saloon
Badges
Playlists
Quests
Create
Leaderboards
Showdown
Live 5
Trivia Bingo
Activity
Puzzle Library
Sporcle Events
Private Events
Virtual Trivia
Globe League
Become a Host
Pub Owners
SporcleCon
Opinionation
Our Games
Videos
Blog
Mobile Apps
Partnerships
Remove Ads and Go Orange
Feedback
Movies
Disney
Marvel Cinematic Universe
Movie Resume
Movie Titles
Oscar
Actor
Actress
Director
Pixar
Role
Movie Quotes
Movie Characters
Box Office
Nominee
Best Picture
Star Wars
James Bond
Horror Movies
Movies
Disney
Marvel Cinematic Universe
Movie Resume
Movie Titles
Oscar
Actor
Actress
Director
Pixar
Role
Movie Quotes
Movie Characters
Box Office
Nominee
Best Picture
Star Wars
James Bond
Horror Movies
Random Quiz
Search Sporcle
×
Quiz Lab
Quiz Lab
Movies
1-word
Type in answers that appear in a list
Type in answers that appear in a list
Classic
Best Score? Go Orange.
One Word Clue: Movies 2 Stats
Can you name the movie if only given a one word clue?
By
WindSword
5m
26 Questions
4,406 Plays
4,406 Plays
4,406 Plays
Comments
Comments
Give Quiz Kudos
Give Quiz Kudos
-
- Ratings
hide this ad
More Info
Replay
Link that replays current quiz
Next Quiz
Link to next quiz in quiz playlist
You Got
0%
They Got
Avg Score
60%
Avg Friend Score
Upgrade to see
Score Distribution
Jump to the score distribution portion of the page
Score
0/26
Timer
05:00
0
Plays Today
Clue
Movie
% Correct
Yoda
Star Wars Episode V: The Empire strikes back
94.8%
iceberg
Titanic
93.1%
Hakuna
The Lion King
88.6%
Quasimodo
The Hunchback of Notre Dame
85.1%
d'oh
The Simpsons Movie
84.8%
Clarice
Silence of the Lambs
79.9%
Ursula
The Little Mermaid
77.7%
Atticus
To Kill a Mockingbird
76.8%
Vulcan
Star Trek
70.9%
Gaston
Beauty and the Beast
69.2%
soap
Fight Club
68.5%
Watergate
All the President's Men
62.7%
EVE
WALL-E
60.6%
Clue
Movie
% Correct
melting
The Wizard of Oz
57.7%
Xerxes
300
56.9%
jury
12 Angry Men
52.1%
Keyser
The Usual Suspects
50.9%
Zion
The Matrix
50.9%
parley
Pirates of the Caribbean: The Curse of the Black Pearl
47.7%
Rufio
Hook
42.8%
forty-
two
A Hitchhiker's Guide to the Galaxy
38.7%
lobotomy
One Flew Over the Cuckoo's Nest
36.2%
Ovaltine
A Christmas Story
36%
tradition
Fiddler on the Roof
27.2%
Nihilists
The Big Lebowski
26.1%
baptism
The Godfather
26%
Quiz Playlist
Details
Report
Send in Message
Add To Playlist
More Info:
Note: Answers will not have the word in the title. Only the most obvious answers will be accepted.
Classic:
Type in answers that appear in a list
Last Updated: Feb 16, 2017
Quiz Scoreboard
CHALLENGE
Sign Up to Join the Scoreboard
Show All
Scores
Hide
Comments
May contain spoilers
Recently Published
5x2 Blitz: Bands
by SL_Kpop136
Music
30s
Colored Red Africa Blitz
by spor1
Geography
30s
Find the 'City' Movie
by crazypaving
Movies
60s
More to Explore
Quiz From the Vault
Featured Blog Post
14 Easter Pick-up Lines to Find Eggs With
hide this ad
You Might Also Like...
Tags
1-word
Today's Top Quizzes in Movies
Browse Movies
hide this ad
Today's Top Quizzes in 1-word
Browse 1-word
Top Contributed Quizzes in Movies
1
Find The 'Big' Movie
2
Find The 'Wild' Movie
3
Find The 'Blue' Movie
4
Movies By Plot
5
Hidden Star Wars Character II
6
Hidden Star Wars Character III
7
Pick 5 Posters: Directed by Spielberg
8
Hidden Star Wars Character IV
9
Alfred Hitchcock Movies by Plot
10
Hidden Star Wars Character V
Explore More
Trending Topics
Kpop
Harry Potter
NBA
Crossword
Anime
Marvel
Disney
NFL
Puzzle
Soccer
The Office
Country
WWE
Song
Pokémon
hide this ad
More By:
WindSword
Quiz
Plays
Rating
Category
Featured
Created
One Word Clues: Movies
562,609
4.39
Movies
Nov 23, 2009
The 'Middle' Quiz
144,125
3.62
Miscellaneous
Mar 20, 2011
Famous Movie Quotes... Almost
88,336
4.44
Movies
Aug 10, 2011
Billionaire Dropouts
66,280
4.15
Miscellaneous
Apr 6, 2011
Famous Apologies
53,739
4.37
History
Mar 9, 2011
Go to Creator's Profile
Score Distribution
Quiz Creator Spotlight
WindSword
Follow
Send a Message
Quizzes Created
-
Created Quiz Play Count
-
More By This Creator
Popular Quizzes Today
1
Colored Red Africa Blitz
2
Find the 'City' Movie
3
Find the US States - No Outlines Minefield
4
5x2 Blitz: Bands
5
The Countries of the World
6
Find the US States
7
US States
8
9x9 Crossword: Cartoon Network
More Movies Quizzes
Coming-of-Age Animated Slideshow
Quiz Lab
Trending Quizzes
Colored Red Europe Blitz I
Colored Red Europe Blitz II
Colored Red Africa Blitz II
Colored Red Europe Blitz III
Colored Red Africa Blitz III
Recently Updated
How Do You Spell That?
pecheneg
Godzilla Movies
pecheneg
Grab Bag: 4-10 Letters
pecheneg
2024 March Madness Bracket
pecheneg
Famous TV Couples
Peacemaker
Champions League XIs: Real Madrid
pecheneg
Largest US Cities 1790-2010
pecheneg
Rides in Walt Disney World
pecheneg
Most Oscar Losses (Acting)
pecheneg
Beyoncé Albums
pecheneg
Trending Topics
Crossword
Disney
Anime
Marvel
Kpop
Harry Potter
NBA
NFL
Puzzle
Country
Song
Soccer
Pokémon
WWE
The Office
Your Account Isn't Verified!
In order to create a playlist on Sporcle, you need to verify the email address you used during registration. Go to your
Sporcle Settings
to finish the process.
Report this User
Report this user for behavior that violates our
Community Guidelines
.
Details:
Send Report
Go to the Sporcle.com Mobile Site →
Comments